000 00667nam a2200229Ia 4500
005 20230309114328.0
008 131103s9999 xx 000 0 und d
020 _a416304605
040 _aLoreto College
041 _aEnglish
082 _a822.33
_bSHA-CLE
100 _aClemen, Wolfgang
245 _aShakespeare's soliloquies
_cWolfgang Clemen; translated by Charity Scott Stokes
260 _aLondon
_bMethuen
_c1987
300 _ax,211 p.
504 _aIncludes bibliographical references
650 _aEnglish Drama
651 _aShakespeare, William - Technique, Soliloqie
700 _aStokes, Charity Scott, tr.
850 _aLCLIB
942 _cBK
999 _c6489
_d56968